| 000 | 01749cam a2200241 4500 | ||
|---|---|---|---|
| 001 | L129511 | ||
| 008 | 110922n2005 000 0 eng u | ||
| 020 | _a011051727X | ||
| 035 | _a(Sirsi) u129511 | ||
| 041 | _aeng | ||
| 050 |
_a711.1 _c18 |
||
| 245 | _aTown and Country Planning (Use Classes) (Amendment) (England) Order 2005 | ||
| 260 |
_aLondon _bTSO _c2005 |
||
| 490 |
_aSI _v2005: 84 |
||
| 520 | _aThis Order amends the Town and Country Planning (Use Classes) Order 1987 (SI 1987: 764), which specifies classes for the purposes of the Town and Country Planning Act 1990 s55(2)(f) and provides that a change of use of a building or other land does not involve development for the purposes of the Act if the new use and the former use are both within the same specified class. Amends the 1987 Order by excluding from the specified classes use as a retail warehouse club and use as a night club. It also has the effect of including use as an internet café in the shops class (Class A1) and of splitting the former A3 use class (food and drink) into three new classes: Class A3 use as a restaurant or café, Class A4 use as a public house, wine-bar or other drinking establishment and Class A5 use as a hot food takeaway. Extends to England only. | ||
| 590 | _aIKA290405 | ||
| 650 | _aTOWN AND COUNTRY PLANNING (USE CLASSES) (AMENDMENT) (ENGLAND) ORDER 2005 | ||
| 650 | _aTOWN AND COUNTRY PLANNING (USE CLASSES) ORDER 1987 | ||
| 650 | _aTOWN AND COUNTRY PLANNING ACT 1990 S55(2)(F) | ||
| 690 | _aPROPERTY-COMMERCIAL PROPERTY-LEISURE PROPERTY-REFRESHMENT AND CULINARY PROPERTY | ||
| 856 |
_uhttps://www.legislation.gov.uk/uksi/2005/84/pdfs/uksi_20050084_en.pdf _zView this item free of charge at www.legislation.gov.uk |
||
| 942 | _n0 | ||
| 999 |
_c104219 _d104219 |
||